000 00313nam a22000977a 4500
005 20250901165229.0
008 210224b . ||||| |||| 00| 0 eng d
050 _aQA935 .M58
245 _aPROBLEMS OF THE ASYMPTOTIC THEORY OF NONSTATIONARY VIBRATIONS
_cMITROPOL YU .A.
942 _2lcc
_hQA935 .M58 1965
999 _c680
_d680